مكتبة جامعة عجلون الوطنية

فهرس بحث المكتبة

Normal view MARC view
  • وقائع حلقة النقاش الأولى حول تطوير أساليب تعليم اللغة العربية لغير الناطقين بها 8 كانون الثاني 1997-تعليم اللغة العربية-تعليم

Entry Topical Term

Number of records used in: 1

001 - CONTROL NUMBER

  • control field: 33543

003 - CONTROL NUMBER IDENTIFIER

  • control field: JO-AjAnu

005 - DATE AND TIME OF LATEST TRANSACTION

  • control field: 20230606075627.0

008 - FIXED-LENGTH DATA ELEMENTS

  • fixed length control field: 230606|| aca||aabn | a|a d

040 ## - CATALOGING SOURCE

  • Original cataloging agency: JO-AjAnu
  • Transcribing agency: JO-AjAnu

150 ## - HEADING--TOPICAL TERM

  • Topical term or geographic name entry element: وقائع حلقة النقاش الأولى حول تطوير أساليب تعليم اللغة العربية لغير الناطقين بها 8 كانون الثاني 1997-تعليم اللغة العربية-تعليم

670 ## - SOURCE DATA FOUND

  • Source citation: Work cat.: (JO-AjAnu)17232: اعداد عبد الخالق، غسان اسماعيل, author 33542, وقائع حلقة النقاش الأولى حول تطوير أساليب تعليم اللغة العربية لغير الناطقين بها 8 كانون الثاني 1997